New rules for a new economy : employment and opportunity in postindustrial America /

Los autores analizan la dinámica contemporánea del empleo en las industrias de servicios en EUA, proponiendo sugerencias para las políticas públicas relativas que beneficien a los empleados, las empresas y los consumidores.

Gorde:
Xehetasun bibliografikoak
Egile nagusia: Herzenberg, Stephen A. (autor)
Beste egile batzuk: Alic, John A. (autor) (autor), Wial, Howard (autor) (autor)
Formatua: Liburua
Hizkuntza:ingelesa
Argitaratua: Ithaca, EUA : Cornell University, 1998, c1998
Saila:(A Twentieth Century Fund Book)
Gaiak:
Etiketak: Etiketa erantsi
Etiketarik gabe, Izan zaitez lehena erregistro honi etiketa jartzen!

MARC

LEADER 00000nam^a2200000^a^4500
001 000111055
005 20250521000000.0
009 20260310093818.984
020 |a 0-8014-8658-0 
037 |a Acervo ITESO - Biblioteca 
041 |a ING 
082 |a 331. 120973  |b HER 
100 |a Herzenberg, Stephen A.  |e (autor) 
245 1 0 |a New rules for a new economy :  |b employment and opportunity in postindustrial America /  |c S.A. Herzenberg, J.A. Alic, H. Wial. 
264 4 |a Ithaca, EUA :  |b Cornell University,  |c 1998, c1998 
300 |a 216 p. 
336 |a texto  |b txt  |2 rdacontenido 
337 |a sin mediación  |b n  |2 rdamedio 
338 |a volumen  |b nc  |2 rdasoporte 
440 3 |a (A Twentieth Century Fund Book) 
520 |a Los autores analizan la dinámica contemporánea del empleo en las industrias de servicios en EUA, proponiendo sugerencias para las políticas públicas relativas que beneficien a los empleados, las empresas y los consumidores. 
649 |a XX 
650 |a Mercado de Trabajo -  |z EUA 
650 |a Empleo y Desempleo -  |z EUA 
650 |a Trabajo -  |z EUA 
650 |a Sector Servicios 
650 |a Industria Manufacturera 
650 |a Economía -  |z EUA 
700 |a Alic, John A.  |e (autor) 
700 |a Wial, Howard  |e (autor) 
910 |a Fondo General 
920 |a Impresos - Libros 
930 |a Colección General 
905 |a 101 
901 |a 0500048417  |b IT1  |c ACC  |u 20250521 
902 |a https://opac.biblio.iteso.mx/vufind/Record/000111055